Statistics for Countries by Definition Quiz #2

Click here to take the quiz!

General Stats

  • This quiz has been taken 34 times
  • The average score is 15 of 17

Answer Stats

HintAnswer% Correct
A hard creamy-white substance composing the main part of the tusks of an elephant, walrus, or narwhal.{Ivory} Coast
100%
A large earthenware beer mug.Liechten{stein}
100%
Opposed to; against.{Anti}gua and Barbuda
97%
Past of come.{Came}roon
97%
A monetary unit in various countries, equal to one hundredth of a dollar, euro, or other decimal currency unit.Saint Vin{cent} and the Grenadines
97%
(of hair) long, limp, and straight.Sri {Lank}a
97%
Pellets of frozen rain which fall in showers from clouds.T{hail}and
97%
The rank, lands, or reign of an emir.United Arab {Emirates}
97%
A short period of intense activity of a specified kind.Dji{bout}i
93%
Hit or crush (something, especially an insect) with a sharp blow from a flat object.e{Swat}ini
93%
A loose granular substance, typically pale yellowish brown, resulting from the erosion of rocks.Saint Kitt{s and} Nevis
90%
An intense feeling of deep affection.S{love}nia
90%
A place or state of great happiness; an unspoiled paradise.Sw{eden}
90%
Frozen water, a brittle transparent crystalline solid.{Ice}land
83%
A long, thin stick or rod.R{wand}a
77%
A microorganism, especially one which causes disease.{Germ}any
63%
A Chinese association or secret society, frequently associated with organized crime.{Tong}a
17%

Score Distribution

Percentile by Number Answered

Percent of People with Each Score

Your Score History

You have not taken this quiz